Movies Quiz

Random Movies or Year Quiz

Pick 3 Movies from That Year Quiz Stats

 Plays Quiz Updated Oct 28, 2019

Score 0/24 Timer 03:00
4 Plays Today
% Correct
Back to the Future
77.2%
Brokeback Mountain
71.9%
The Revenant
70.7%
Jaws
68.8%
Braveheart
68.7%
Mad Max: Fury Road
67.8%
Batman Begins
67.4%
One Flew Over the Cuckoo's Nest
66.6%
The Sound of Music
66.4%
Jumanji
62.8%
Rebel Without a Cause
61.8%
Toy Story
61.5%
% Correct
Doctor Zhivago
59.2%
Spotlight
58.8%
The Rocky Horror Picture Show
58.7%
The Color Purple
53.5%
Out of Africa
52%
Oklahoma!
51.8%
Capote
50.8%
The Picture of Dorian Gray
47.5%
Brief Encounter
44.4%
Lady and the Tramp
44.3%
The Lost Weekend
41.1%
The Spy Who Came in from the Cold
36.2%

You're not logged in!

Compare scores with friends on all Sporcle quizzes.
OR
Log In

Sporcle TV

Today on Sporcle TV


Watch our educational content, quiz creation guides, and fun videos on Sporcle TV.

Show Comments

Extras

Top Quizzes Today


Score Distribution

Your Account Isn't Verified!

In order to create a playlist on Sporcle, you need to verify the email address you used during registration. Go to your Sporcle Settings to finish the process.

Report this User

Report this user for behavior that violates our Community Guidelines.

Details: